000
00206nam a2200085Ia 4500
008
170617s9999 xx 000 0 und d
100
_a
Chatwal
245
0
_a
Organic Chemistry of Natrul Products
260
_b
Himalaya Pub
260
_c
2008
999
_c
15286
_d
15286